Carta magna y nuevo constitucionalismo latinoamericano ¿Ruptura o continuismo?

Detalles Bibliográficos
Autor principal: Storini, Claudia
Formato: eBook
Lenguaje:español
Publicado: Quito: Corporacin̤ Editora Nacional, 2017
Materias:
Acceso en línea:Acceso restringido

MARC

LEADER 00000nam a22000007a 4500
005 20170908223415.0
007 cr|||| ||||
008 170908s2017 ec |||||s|||| 00||0 spa d
020 |a 978-9978-84-951-4 
035 |a 20590 
040 |a vLex 
090 |c 6947  |d 6947 
100 1 |a Storini, Claudia 
245 1 0 |a Carta magna y nuevo constitucionalismo latinoamericano ¿Ruptura o continuismo?  |h [Recurso electrn̤ico] /  |c Claudia Storini 
256 |a Servicio en ln̕ea 
260 |a Quito:  |b Corporacin̤ Editora Nacional,  |c 2017 
300 |a 1 recurso electrn̤ico 
500 |a Los artc̕ulos que se incluyen en esta obra ponen en debate la posible influencia de la Carta Magna en el constitucionalismo latinoamericano, y evidencia la existencia de un eje transversal que podra̕ resumirse en la tensin̤ entre continuismo y ruptura. Los argumentos de la acadm̌icos constitucionalistas giran alrededor de ejes temt̀icos como el principio de legalidad, la separacin̤ de poderes, la rigidez constitucional y el debido proceso, para confluir en que toda interpretacin̤ de la Carta de 1215 se debe enmarcar en el contexto jurd̕ico, polt̕ico, econm̤ico y social del momento en que fue promulgada, y que cualquier conclusin̤ sesgada y descontextualizada llegara̕ a imponer construcciones contemporǹeas que no hara̕n ms̀ que desacreditar su valor histr̤ico. 
506 1 |a Disponible solo en los productos indicados  |d vLex Global  |d vLex Global (Academic Edition, excluding Law Schools)  |d vLex Global (U.S. Academic Edition, Law Schools)  |d vLex Global (U.S. Academic Edition, excluding Law Schools)  |d vLex Global (Academic Edition, Law Schools) 
650 0 4 |a Derecho Constitucional  |z Ecuador 
740 0 |a vLex Libros (Servicio en ln̕ea) 
856 4 0 |u http://vlex.com/source/carta-magna-y-nuevo-constitucionalismo-latinoamericano-ruptura-o-continuismo--20590  |z Acceso restringido 
942 |c BOOK 
999 0 |a Constitutional right